Friends Trivia - Statistics

General Stats
  • This quiz has been taken 11,536 times
    11,029 since last reset
  • The average score is 11 of 15
Answer Stats
Hint Answer % Correct
Who says "How YOU doin'?" Joey
100%
Who left her husband at the alter? Rachel
99%
Who was the first in the group to have a kid? Ross
96%
How many sisters does Rachel have? 2
88%
Who kissed to win back their apartment? Rachel and Monica
88%
What two people have the same initials? Ross Geller and Rachel Green
84%
Who does Ross marry in London? Emily
81%
Who does not attend this wedding? Phoebe
81%
What season ends with the group going to Las Vegas? 5
80%
Who did Ross kiss at a party when he thought it was his first kiss with Rachel? Monica
78%
What is Rachel's full name? Rachel Karen Green
56%
What is the name of Joey's chair that is killed by Rachel? Rosita
44%
Who is never seen only mentioned living in the girls' apartment? Ross
40%
What is the name of the yearly newspaper sent out by Ross and Monica's family? The Geller Yeller
19%
Which episode featurs Danny DeVito? The One Where the Stripper Cries
18%
No matching quizzes found
Score Distribution
Percent of People with Each Score
Percentile by Number Answered
Your Score History
You have not taken this quiz since the last reset